000 00382nam a2200145Ia 4500
008 210210b1997 xxu||||| |||| 00| 0 eng d
082 _a658.15 BASF
100 _aBASAVA (K D).
245 _aFinancial management.
260 _aHubli
_bVidya Vahini Prakashana
_c1997
300 _aviii,16-15
650 _aFinancial management
690 _aFinancial Management
906 _a054676
999 _c102598
_d102598